=LDR 00000nam 2200000 4500 =001 INLIS000000000007087 =005 20200616075119 =035 ##$$a 0010-061300000007087 =008 200616################g##########0#ind## =041 ##$$a Ind =082 ##$$a 2x4.8 =090 ##$$a 2x4, Mah n =100 1#$$a Mahfudh, MA. Sahal =245 1#$$a Nuansa fiqih sosial /$c KH. MA. Sahal Mahfudh =260 ##$$a Yogyakarta :$b LKiS,$c 1994 =300 ##$$a xxv, 390 hlm. ; $c 12x18 cm. =084 ##$$a 2x4.8 MAH n =650 #4$$a Fiqih Sosial =990 ##$$a 71.285/Pb-94 =990 ##$$a 110.770/Pro-97